Детская книга войны. Дневники 1941-1945

Detaylı Bibliyografya
Diğer Yazarlar: Иванушкина П. Полина (составитель)
Özet:К 70-летию Великой Победы.
Эта книга - документ истории. Впервые за 70 лет в одном томе собраны все дневники детей Великой Отечественной войны, которые удалось обнаружить журналистам «АиФ». Страшные и честные свидетельства того, через что пришлось пройти и что довелось испытать миллионам маленьких жителей великой страны. Ради памяти о них, ради сохранения этих рукописей и издана эта книга. Более половины из 35 дневников публикуется впервые. Орфография авторов дневников сохранена. Печатается с сокращениями.
Dil:Rusça
Baskı/Yayın Bilgisi: Москва, Аргументы и Факты, 2015
Konular:
Materyal Türü: Kitap
KOHA link:https://koha.lib.tpu.ru/cgi-bin/koha/opac-detail.pl?biblionumber=319903

MARC

LEADER 00000nam0a2200000 4500
001 319903
005 20231102003226.0
010 |a 9785990632202 
035 |a (RuTPU)RU\TPU\book\345426 
090 |a 319903 
100 |a 20160617d2015 m y0rusy50 ca 
101 0 |a rus 
102 |a RU 
105 |a a z 000zy 
200 1 |a Детская книга войны. Дневники 1941-1945  |f сост. П. Иванушкина 
210 |a Москва  |c Аргументы и Факты  |c АиФ. Доброе сердце  |d 2015 
215 |a 480 с.  |c ил. 
300 |a К 70-летию Великой Победы. 
330 |a Эта книга - документ истории. Впервые за 70 лет в одном томе собраны все дневники детей Великой Отечественной войны, которые удалось обнаружить журналистам «АиФ». Страшные и честные свидетельства того, через что пришлось пройти и что довелось испытать миллионам маленьких жителей великой страны. Ради памяти о них, ради сохранения этих рукописей и издана эта книга. Более половины из 35 дневников публикуется впервые. Орфография авторов дневников сохранена. Печатается с сокращениями. 
606 1 |a Великая Отечественная война 1941-1945  |2 stltpush  |3 (RuTPU)RU\TPU\subj\66603  |9 82654 
610 1 |a дети 
610 1 |a дневники 
610 1 |a воспоминания 
610 1 |a Ленинградская блокада 
610 1 |a гетто 
610 1 |a концлагеря 
610 1 |a Третий Рейх 
610 1 |a оккупация 
686 |a Т3(2)622  |v LBC/SL-A  |2 rubbk 
702 1 |a Иванушкина  |b П.  |g Полина  |4 220 
801 1 |a RU  |b 63413507  |c 20160617 
801 2 |a RU  |b 63413507  |c 20160617  |g RCR 
942 |c BK